[Event "Pan American-ch U10 34th"]
[Site "Orlando"]
[Date "2024.07.15"]
[Round "1"]
[White "Jani, Aakash"]
[Black "Campillo Soto, Emilio"]
[Result "0-1"]
[WhiteElo "1873"]
[BlackElo "1449"]
[PlyCount "144"]
[EventDate "2024.07.15"]
[EventType "swiss"]
[EventRounds "9"]
[EventCountry "USA"]
[SourceTitle "EXT 2025"]
[Source "ChessBase"]
[SourceDate "2024.10.14"]
[SourceVersion "1"]
[SourceVersionDate "2024.10.14"]
[SourceQuality "1"]

1. e4 e5 2. Nf3 Nf6 3. Nc3 Bb4 4. Bc4 d6 5. d3 0-0 6. 0-0 Nc6 7. Bg5 Bxc3 8. bxc3 Be6 9. Nd2 h6 10. Bh4 Qe7 11. Bg3 Bxc4 12. Nxc4 Qe6 13. f4 Nxe4 14. f5 Qd5 15. dxe4 Qxc4 16. Qf3 f6 17. Be1 Rad8 18. Bd2 Rd7 19. Qg4 Kh8 20. Rf3 Qe2 21. Be3 Ne7 22. Qh3 Ng8 23. Rc1 Qc4 24. g4 Qxe4 25. g5 fxg5 26. Bxg5 Rdf7 27. Rcf1 Kh7 28. R1f2 Qd5 29. Qh5 e4 30. Qg6+ Kh8 31. Rh3 e3 32. Bxe3 Rf6 33. Qg4 Rxf5 34. Rg3 R8f7 35. Rxf5 Qxf5 36. Qxf5 Rxf5 37. Bxa7 b6 38. Re3 Rc5 39. Bb8 Nf6 40. Re7 Nd5 41. Re2 Rxc3 42. Kf1 Kh7 43. Ke1 Rc5 44. Rd2 Nb4 45. c3 Na6 46. Ba7 Rxc3 47. Rb2 Ra3 48. Kd2 Rh3 49. Kc1 Nc5 50. Bb8 Nd3+ 51. Kb1 Nxb2 52. Kxb2 Rxh2+ 53. Kb3 Rh3+ 54. Kb2 c6 55. Bxd6 Rd3 56. Bc7 b5 57. Bb6 h5 58. Bg1 h4 59. Bb6 h3 60. Bg1 Rd2+ 61. Ka3 h2 62. Bxh2 Rxh2 63. Kb4 Rxa2 64. Kc5 g5 65. Kxc6 b4 66. Kd5 b3 67. Ke5 b2 68. Kf5 b1Q+ 69. Kxg5 Qb5+ 70. Kf6 Ra6+ 71. Ke7 Qb7+ 72. Kd8 Ra8# 0-1